| 000 | 00577nam a2200205Ia 4500 | ||
|---|---|---|---|
| 005 | 20250923145659.0 | ||
| 008 | 008 250917s9999 xx 000 0 eng d | ||
| 037 | _aTextual | ||
| 040 |
_aDSWL _beng _cDSWL |
||
| 041 |
_aeng _2eng |
||
| 084 |
_aL7:4:691, N84 _qDSWL |
||
| 245 | 0 |
_aAdult psychopathology & Diagnosis _cEd. by S.M.Turner |
|
| 260 |
_aNew York _b John Wiley & Sons _c1984 |
||
| 300 | _axiv,523 p. | ||
| 365 |
_aUSD _b39.95 |
||
| 700 |
_a M Hersen _9837886 |
||
| 925 | _g39.95 | ||
| 942 |
_cTEXL _hL7:4:691, N84 |
||
| 999 |
_c1454291 _d1454291 |
||